000 00743nam a22001937a 4500
005 20251108172240.0
008 250721s1993 xx 000 0 ara d
082 1 4 _a956.4/شول
100 1 _aشولش، الكزاندر
245 1 0 _aتحولات جذرية في فلسطين 1856-1882 :
_bدراسات حول التطور الإجتماعي و الإقتصادي و السياسي /
250 _aط2 .، منقحة
264 1 _aعمان :
_bعمادة البحث العلمي - الجامعة الأردنية،
_c1993.
300 _a413ص
650 1 7 _aتاريخ فلسطين
650 1 7 _aفلسطين تاريخ سياسي (1856 -1882)
700 1 _aالعسلي، كامل
_eترجمة
942 _2ddc
_cBK
999 _c74169
_d74169